Österreichs EM-Kader 2021 - Statistiken

Allgemein
  • Dieses Quiz wurde 430 mal gespielt
  • Das Durchschnittsergebnis liegt bei 14 aus 27
Antwortstatistiken
Position Name % Korrekt
Abwehr David Alaba
95%
Sturm Marko Arnautović
93%
Mittelfeld Konrad Laimer
76%
Mittelfeld Christoph Baumgartner
73%
Mittelfeld Marcel Sabitzer
72%
Trainer Franco Foda (GER)
68%
Abwehr Stefan Lainer
68%
Sturm Michael Gregoritsch
62%
Abwehr Martin Hinteregger
61%
Abwehr Aleksandar Dragović
59%
Torwart Daniel Bachmann
56%
Abwehr Andreas Ulmer
50%
Mittelfeld Julian Baumgartlinger
50%
Sturm Sasa Kalajdzić
47%
Abwehr Stefan Posch
45%
Abwehr Philipp Lienhart
42%
Sturm Karim Onisiwo
41%
Mittelfeld Florian Grillitsch
39%
Mittelfeld Xaver Schlager
39%
Torwart Alexander Schlager
34%
Mittelfeld Stefan Ilsanker
31%
Mittelfeld Alessandro Schöpf
30%
Mittelfeld Valentino Lazaro
30%
Mittelfeld Louis Schaub
28%
Torwart Pavao Pervan
28%
Abwehr Christopher Trimmel
26%
Abwehr Marco Friedl
21%
Keine übereinstimmenden Quizze gefunden
Verteilung der Resultate
Anzahl Personen mit jedem Resultat
Perzentil nach korrekt beantworteten Fragen
Ihre Resultats-Entwicklung
Sie haben dieses Quiz noch nicht gespielt